000 01268nab a2200277 i 4500
001 180817
003 ES-MaACL
005 20250903063112.0
008 120717s1913 sp 000 s spa d
040 _aES-MaACL
100 1 _aLa Tourrasse, Léonel de,
_d1861-1930
_eaut
_9150982
245 1 4 _aLos orígenes del teatro francés contemporáneo y el Teatro Libre.
_nV,
_pEl teatro de los hermanos Goncourt /
_cconferencia pronunciada en francés por M. de la Tourrasse ; versión española de Ricardo Caballero
300 _aPáginas 1-30
594 _aPrecede al título: Conferencias en la Universidad Central
600 1 4 _aGoncourt, Edmond de,
_d1822-1896-
_xCrítica e interpretación
_9127378
600 1 4 _aGoncourt, Jules de,
_d1830-1870-
_xCrítica e interpretación
_9127379
610 2 4 _aThéâtre Libre (Grupo teatral)
_9139611
650 7 _aTeatro francés-
_yS.XIX-
_xHistoria y crítica
_9174695
655 4 _aConferencias
_9234444
700 1 _aCaballero, Ricardo
_etrl
_9226940
710 2 _aUniversidad Central (Madrid)
_eisb
_97084
773 0 _tLa Palabra : revista taquigráfica,
_xISSN 2479-7723,
_gN. 16 (15 ag. 1913), p. 1-30
_02879
_92987
_w2879
942 _cANAB
_2udc
_n0
999 _c180817
_d180817
955 _bPilar Fernández Vera